[Event "Enschede op-A U18"]
[Site "Enschede"]
[Date "2009.08.04"]
[Round "2"]
[White "Glasbeek, Paul"]
[Black "Schakel, Lemmy"]
[Result "1/2-1/2"]
[WhiteElo "1465"]
[BlackElo "1772"]
[PlyCount "121"]
[EventDate "2009.08.03"]
[EventType "swiss"]
[EventRounds "9"]
[EventCountry "NED"]
[SourceTitle "CBM 132 Extra"]
[Source "ChessBase"]
[SourceDate "2009.11.03"]
[SourceVersion "1"]
[SourceVersionDate "2009.11.03"]
[SourceQuality "1"]

1. e4 Nf6 2. e5 Nd5 3. d4 d6 4. c4 Nb6 5. f4 dxe5 6. fxe5 Bf5 7. Nf3 e6 8. Nc3 Nc6 9. Be2 Bg4 10. Be3 Bxf3 11. Bxf3 Be7 12. b3 Bh4+ 13. g3 Bg5 14. Bxc6+ bxc6 15. Qf3 0-0 16. 0-0 Bxe3+ 17. Qxe3 Qe7 18. a3 Rad8 19. Ne4 Nd7 20. Qg5 Qxg5 21. Nxg5 c5 22. dxc5 Nxe5 23. Rad1 Rxd1 24. Rxd1 h6 25. Ne4 Rb8 26. Rb1 Nxc4 27. a4 Ne5 28. Kf2 f5 29. Nc3 Nd3+ 30. Ke3 Nxc5 31. Nb5 Rb7 32. Kd4 Nd7 33. Rc1 c5+ 34. Kc4 a6 35. Nd6 Rb4+ 36. Kc3 Rd4 37. Nb7 Rd5 38. Re1 e5 39. b4 cxb4+ 40. Kxb4 e4 41. Rf1 e3 42. Re1 Re5 43. Nd6 Nc5 44. Nc4 Nd3+ 45. Kc3 Nxe1 46. Nxe5 Ng2 47. Kd3 g5 48. Nd7 Kf7 49. Nc5 f4 50. gxf4 gxf4 51. Ke2 Kf6 52. Nxa6 Kg5 53. Nc5 Kg4 54. h3+ Kxh3 55. Kf3 Nh4+ 56. Kxf4 e2 57. Nd3 Ng6+ 58. Ke3 Ne7 59. Kxe2 Nc6 60. Kf3 Kh4 61. Kf4 1/2-1/2

[Event "Enschede op-A U18"]
[Site "Enschede"]
[Date "2009.08.03"]
[Round "1"]
[White "Vereggen, Lars"]
[Black "Glasbeek, Paul"]
[Result "1-0"]
[WhiteElo "1872"]
[BlackElo "1465"]
[PlyCount "53"]
[EventDate "2009.08.03"]
[EventType "swiss"]
[EventRounds "9"]
[EventCountry "NED"]
[SourceTitle "CBM 132 Extra"]
[Source "ChessBase"]
[SourceDate "2009.11.03"]
[SourceVersion "1"]
[SourceVersionDate "2009.11.03"]
[SourceQuality "1"]

1. e4 c5 2. Nf3 d6 3. d4 cxd4 4. Nxd4 Nf6 5. Nc3 g6 6. Be2 Bg7 7. Be3 0-0 8. Qd2 Nc6 9. 0-0-0 Bd7 10. h4 Rc8 11. h5 Nxh5 12. Bxh5 gxh5 13. f3 Qa5 14. Kb1 Be6 15. Nxc6 bxc6 16. Nd5 Qd8 17. Nf4 Rb8 18. b3 c5 19. Rxh5 c4 20. Nxe6 fxe6 21. Rdh1 cxb3 22. cxb3 a5 23. Rxh7 Bf6 24. Bd4 e5 25. Ba7 Rb7 26. Qd5+ e6 27. Qxb7 1-0

[Event "Twente Young Master op-B"]
[Site "Twente"]
[Date "2007.08.07"]
[Round "2"]
[White "Rieksen, Koen"]
[Black "Glasbeek, Paul"]
[Result "1/2-1/2"]
[WhiteElo "1590"]
[BlackElo "1202"]
[PlyCount "69"]
[EventDate "2007.08.06"]
[EventType "swiss"]
[EventRounds "9"]
[EventCountry "NED"]
[SourceTitle "EXT 2008"]
[Source "ChessBase"]
[SourceDate "2007.11.25"]
[SourceVersion "1"]
[SourceVersionDate "2007.11.25"]
[SourceQuality "1"]

1. e4 e5 2. Nf3 Nc6 3. d4 exd4 4. Bc4 Nf6 5. Bg5 Be7 6. Qe2 d6 7. h3 Ne5 8. Bb3 h6 9. Nxe5 dxe5 10. Bh4 Bd7 11. 0-0 Bc6 12. Nd2 Nd7 13. Bxe7 Qxe7 14. f4 0-0 15. f5 Qc5 16. Kh2 Bb5 17. Qg4 Bxf1 18. Rxf1 Nf6 19. Qh4 b5 20. g4 Nh7 21. Nf3 Qd6 22. g5 hxg5 23. Nxg5 Nxg5 24. Qxg5 Qh6 25. h4 Qxg5 26. hxg5 Kh8 27. Kg3 c5 28. Bd5 Rad8 29. Kf3 Rxd5 30. exd5 Rd8 31. Rh1+ Kg8 32. Ke4 f6 33. g6 a5 34. Rh3 c4 35. a3 1/2-1/2